000 00757cam a2200229 4500
008 090401t1996 xxu||||| |||| 00| 0 eng d
020 _a0712675035
035 _a(Sirsi) u76510
041 _aeng
050 _a658.45
100 _aMcCormack, Mark H
245 _aMcCormack on communicating.
260 _aLondon
_bCentury Business
_c1996
300 _a184p. ; 20cm.
350 _a9.99
520 _aAims to get readers to think more clearly about how they communicate with other people by talking or writing. How to explain, persuade and inform without upsetting or offending people.
650 _aCOMMUNICATION
650 _aMANAGEMENT
690 _aMANAGEMENT-BUSINESS MANAGEMENT-PROFESSIONAL PRACTICE
942 _n0
948 _c04/03/1997
999 _c96193
_d96193